Rayada de pez como la noche : (Registro nro. 7695)

Detalles MARC
000 -LIDER
fixed length control field 02233nam a2200325 a 4500
001 - NÚMERO DE CONTROL
Identificador de número de control 000013991
003 - IDENTIFICACDOR DE NÚMERO DE CONTROL
control field DO-SdBNP
005 - DATE AND TIME OF LATEST TRANSACTION
control field 20171002094212.0
007 - CAMPOS FIJOS DE DESCRIPCIÓN FÍSICA
fixed length control field 000013991
008 - ELEMENTOS DE LONGITUD FIJA
fixed length control field 091202s2006 dr 001 0 spa d
020 ## - ISBN
International Standard Book Number 9993479616
040 ## - FUENTE DE CATALOGACIÓN
Agencia que crea de manera original el registro BPMSU
Idioma de catalogación spa
Agencia que realiza la transcripción BPMSU
082 #4 - NÚMERO DE CLASIFICACIÓN DECIMAL DE DEWEY
Classification number RD863.44
Item number S211r
100 1# - ASIENTO PRINCIPAL -- NOMBRE PERSONAL
Nombre personal Sánchez, Enriquillo
Fechas asociadas con el nombre 1947- 2004
245 10 - MENCIÓN DE TITULO
Título Rayada de pez como la noche :
Subtítulo cuentos completos /
Mención de responsabilidad Enriquillo Sánchez ; compilación, notas y cronología Miguel Collado ; presentación Diómedez Núñez Polanco.
260 ## - PUBLICACIÓN, DISTRIBUCIÓN, ETC. (PIE DE IMPRENTA)
Lugar de publicación, distribución, etc Santo Domingo :
Nombre del editor, distribuidor, etc. Biblioteca Nacional Pedro Henríquez Ureña,
Fecha de publicación, distribución, etc 2006.
300 ## - DESCRIPCIÓN FÍSICA
Extensión 195 p. ;
Dimensiones 23 cm.
490 1# - MENCIÓN DE SERIES
Mención de serie Biblioteca Nacional Pedro Henríquez Ureña;
-- ; Narrativa breve
500 ## - NOTA GENERAL
Nota general Incluye datos biográficos del autor en la solapa de la cubierta
505 2# - NOTA DE CONTENIDO
Texto normalizado de contenido Presentación / Diómedes Núñez Polanco -- Cuentos publicados (dispersos): 1966-2002 -- Epicentro de la bruma (1966) -- No pasa de natividad (1967) -- La cloaca (1967) -- Vietnam, hoy en la mañana (1967) -- Flor de los sepulcros (1968) -- Teatro para una inacabable cacería (1972) -- La montaña azul (1974) -- Te regalo un ratón blanco (1975) -- Belinda (homenaje a Julio Cortázar) (1975) -- Rayada de pez como la noche (1992) -- Oferta de empleo (1992) -- Señales de humo (1992) -- Los borrachos, los gallos, la noche (2002) -- Cuentos inéditos -- Papá Anselmo ya no me habla -- Un paso delante, dos paso atrás -- Adusto el anfitrión, malva el perfume -- "Los multifamiliare", compadre --Rosa rosae -- Maritza, no dejes que se te vaya el odio al yanky -- Con el amor a cuestas -- Yo elijo las elecciones -- El traganíquel -- Cabaret 27 -- La consigna -- Arteria del stadium: reportaje -- Reformado en navidad -- Breve cronología literaria de / Enriquillo Sánchez (1947)-2004) -- Miguel Collado
650 #4 - ENCABEZAMIENTO DE MATERIA--TEMÁTICO
Término temático o nombre geográfico como elemento de entrada CUENTOS DOMINICANOS
650 #4 - ENCABEZAMIENTO DE MATERIA--TEMÁTICO
Término temático o nombre geográfico como elemento de entrada LITERATURA DOMINICANA
700 1# - ASIENTO SECUNDARIO -- NOMBRE PERSONAL
Nombre personal Collado, Miguel,
Mención de responsabilidad comp.
700 1# - ASIENTO SECUNDARIO -- NOMBRE PERSONAL
Nombre personal Núñez Polanco, Diómedes
830 #0 - ASIENTO SECUNDARIO DE SERIE--TÍTULO UNIFORME
Título uniforme Biblioteca Nacional Pedro Henríquez Ureña;
Nombre de la parte o sección de una obra ; Narrativa breve
910 ## - VALIDACIÓN
Validación Validado. Control de calidad BNPHU
942 ## - ADDED ENTRY ELEMENTS (KOHA)
Source of classification or shelving scheme Dewey Decimal Classification
Koha item type Libros
945 ## - INFORMACIÓN DE PROCESAMIENTO LOCAL
Información de procesamiento local Inventariado / 2017 VM
956 ## - LOCAL ELECTRONIC LOCATION AND ACCESS (OCLC)
Nombre de host VMATEO
Número de acceso 10
Información de compresión 20150424
Inicio de sesión BPMSU
Procesador de solicitud 00151
Existencias
Withdrawn status Lost status Source of classification or shelving scheme Damaged status Not for loan Collection code Home library Current library Date acquired Source of acquisition Total Checkouts Full call number Barcode Date last seen Price effective from Koha item type Copy number
    Dewey Decimal Classification     Colección Dominicana Biblioteca Pública Metropolitana Salomé Ureña Biblioteca Pública Metropolitana Salomé Ureña 04/24/2015 Biblioteca Nacional Pedro Henríquez Ureña   RD863.44 S211r BPMSU15040010 04/24/2015 04/24/2015 Archivos digitales  
    Dewey Decimal Classification     Colección Dominicana Biblioteca Pública Metropolitana Salomé Ureña Biblioteca Pública Metropolitana Salomé Ureña 04/24/2015 Biblioteca Nacional Pedro Henríquez Ureña   RD863.44 S211r BPMSU15040011 04/24/2015 04/24/2015 Libros e. 2
    Dewey Decimal Classification     Colección Dominicana Biblioteca Pública Metropolitana Salomé Ureña Biblioteca Pública Metropolitana Salomé Ureña 04/24/2015 Biblioteca Nacional Pedro Henríquez Ureña   RD863.44 S211r BPMSU15040012 04/24/2015 04/24/2015 Archivos digitales e. 3